Modern Economic Theory/ (Record no. 83187)

MARC details
000 -LEADER
fixed length control field 00606nam a22001937a 4500
005 - DATE AND TIME OF LATEST TRANSACTION
control field 20140327163307.0
010 ## - LCCN (DPL NO)
LC control number B-529816
020 ## - INTERNATIONAL STANDARD BOOK NUMBER
International Standard Book Number 9788121924634
Terms of availability 550.00
035 ## - SYSTEM CONTROL NUMBER
System control number B-529816
037 ## - SOURCE OF ACQUISITION
Stock number dpl
Source of stock number/acquisition UBH/Ven
082 ## - DEWEY DECIMAL CLASSIFICATION NUMBER
Classification number 330.1
100 ## - MAIN ENTRY--PERSONAL NAME
Personal name Dewett, K.K.
245 ## - TITLE STATEMENT
Title Modern Economic Theory/
Statement of responsibility, etc by K.K.Dewett
260 ## - PUBLICATION, DISTRIBUTION, ETC. (IMPRINT)
Place of publication, distribution, etc New Delhi
Name of publisher, distributor, etc S.Chand & Company
Date of publication, distribution, etc 2013
270 ## - ADDRESS
Address 7361, Ram Nagar
City New Delhi
Postal code 110055
300 ## - PHYSICAL DESCRIPTION
Extent 1000p.:
Other physical details col.ill
Dimensions 23cm(pbk)
942 ## - ADDED ENTRY ELEMENTS (KOHA)
Source of classification or shelving scheme Dewey Decimal Classification
Item type English Books
Call number suffix DEW
Classification part 330.1
Holdings
Withdrawn status Lost status Not for loan Collection code Home library Current library Date acquired Source of acquisition Cost, normal purchase price Full call number Barcode Copy number Cost, replacement price Koha item type
      Non-fiction Patel Nagar Patel Nagar 27/03/2014 UBH/192/RP Patel Ngr/2.12.2013/28.02.2014 550.00 330.1 DEW B-529816 1 550.00 English Books

© Delhi Public Library
Hit Counter
free hit counter